| 000 | 00683nam a22002177a 4500 | ||
|---|---|---|---|
| 003 | OSt | ||
| 005 | 20140310181809.0 | ||
| 008 | 130705t xxu||||| |||| 00| 0 eng d | ||
| 020 | _a9780745152783 | ||
| 050 |
_aF 970 _b.R831 1995 |
||
| 082 |
_aREF 970 _bR71 1995 |
||
| 245 |
_aCivilizations of the Americas : _bative american culture of north, central and south america / _cRenzo Rossi. |
||
| 260 |
_aBath, Avon : _bCherrytree Press Ltd, _c1995. |
||
| 300 |
_a64 p ; _bill. col. map. ; _c35 cm. |
||
| 500 | _aIncludes index. | ||
| 520 | _aAtlas of Human history series | ||
| 521 | _aBasic ed. students | ||
| 541 | _j1 | ||
| 562 | _e1 | ||
| 942 |
_2lcc _cBK-GR _kREF |
||
| 999 |
_c3885 _d3885 |
||